| 000 | 00465nab a2200145Ia 4500 | ||
|---|---|---|---|
| 003 | ES-SlBCS | ||
| 005 | 20210601142644.0 | ||
| 008 | 140529s2008 xxu||||| |||| 00| 0 spa d | ||
| 041 | _aspa | ||
| 100 | 1 |
_aSachs, Jeffrey D. _9124386 |
|
| 245 | 0 | 0 |
_aClaves para proteger el clima _c Jeffrey D. Sachs |
| 650 | 0 | 4 |
_aCalentamiento Global _9128215 |
| 773 | 0 |
_tInvestigacion y Ciencia (Traducción de: Scientific American) _gnº. 381, 2008, págs. 89 _wRev1650 |
|
| 942 | _cAR | ||
| 999 |
_c680084 _d680084 |
||